banner koha

Avicultura vira agroindústria (Registro n. 300466)

MARC details
000 -LÍDER
fixed length control field 01044nab a2200361 4500
003 - CÓDIGO MARC DA AGÊNCIA CATALOGADORA
Campo de controle BR-BrBNA
005 - DATA E HORA DA ÚLTIMA ATUALIZAÇÃO
Campo de controle 20240925161153.0
008 - CAMPO DE TAMANHO FIXO
fixed length control field 240710b bl.||||| |||| 00| 0 por d
040 ## - FONTE DA CATALOGAÇÃO
Agência catalogadora BR-BrBNA
Idioma da catalogação por
072 ## - CATEGORIA AGRIS
Código AGRIS L01 ; Q02 ; E71
Código do objeto 6100 ; 9705
100 ## - ENTRADA PRINCIPAL - NOME PESSOAL
Nome pessoal Costa, Antônio
245 ## - TÍTULO PRINCIPAL
Título principal Avicultura vira agroindústria
Subtítulo Avicultura
500 ## - NOTA GERAL
Nota geral 5 illus.
942 ## - ADDED ENTRY ELEMENTS (KOHA)
Koha item type Analítica
650 ## - ASSUNTO - THESAGRO
Cabeçalho tópico ou nome geográfico AVICULTURA
650 ## - ASSUNTO - THESAGRO
Cabeçalho tópico ou nome geográfico RAÇA
650 ## - ASSUNTO - THESAGRO
Cabeçalho tópico ou nome geográfico FRANGO DE CORTE
650 ## - ASSUNTO - THESAGRO
Cabeçalho tópico ou nome geográfico CRIAÇÃO
650 ## - ASSUNTO - THESAGRO
Cabeçalho tópico ou nome geográfico ABATE
650 ## - ASSUNTO - THESAGRO
Cabeçalho tópico ou nome geográfico ABATEDOURO
650 ## - ASSUNTO - THESAGRO
Cabeçalho tópico ou nome geográfico GALPÃO
650 ## - ASSUNTO - THESAGRO
Cabeçalho tópico ou nome geográfico RAÇÃO
650 ## - ASSUNTO - THESAGRO
Cabeçalho tópico ou nome geográfico INCUBADEIRA
650 ## - ASSUNTO - THESAGRO
Cabeçalho tópico ou nome geográfico PESQUISA
650 ## - ASSUNTO - THESAGRO
Cabeçalho tópico ou nome geográfico CADEIA PRODUTIVA
650 ## - ASSUNTO - THESAGRO
Cabeçalho tópico ou nome geográfico AGROINDÚSTRIA
650 ## - ASSUNTO - THESAGRO
Cabeçalho tópico ou nome geográfico PROCESSAMENTO
650 ## - ASSUNTO - THESAGRO
Cabeçalho tópico ou nome geográfico LOGÍSTICA
650 ## - ASSUNTO - THESAGRO
Cabeçalho tópico ou nome geográfico EXPORTAÇÃO
650 ## - ASSUNTO - THESAGRO
Cabeçalho tópico ou nome geográfico TOCANTINS
773 0# - ENTRADA ANALÍTICA
Host Biblionumber 4604
Registro do item 317192
Imprenta Palmas - Tocantins Terranova Gráfica e Editora Jornalística Ltda 2005
Outro identificador 2024-3816
Título Cerrado Rural Agronegócios (Brazil)
ISSN 1980-2595
Colação v. 4(21) p. 15-16; (Oct 2006)
Número de controle de registro BR2024001937

Nenhum exemplar disponível.

BINAGRI

Telefone: (61)3218-2567/2388/3357/2097 - binagri@agro.gov.br

Ministério da Agricultura e Pecuária , Esplanada dos Ministérios, Bloco D, Anexo B, Brasília/DF, CEP: 70.043-900